000 01120nam0a22003011 4500
001 RU\INFOCOMM_322\NLR\5000086898
005 20251223145629.0
035 _a(NLR Aleph) 009454286
090 _a8425740
_c8425740
100 _a20121204d1974 u y0rusy50 ca
101 0 _ager
102 _aRU
105 _ay z |||||
200 1 _aDie friedliche Koexistenz und der geistige Verkehr zwischen den Völkern
_fJuri Kaschlew
210 _aM.
_cAPN-Verl.
_d1974
215 _a89 с., 8 л. ил., портр.
_cил., портр.
_d17 см
300 _aНа обороте тит. л.: Ю. Кашлев. Мирное сосуществование и духовное общение народов
606 _aКультура
_xМеждународные связи
_92619249
_3RU\NLR\AUTH\661555809
620 _aМосква
686 _aТ3(0)63-72
_2rubbk
700 1 _9z01790
_aKašlev
_bJ. B.
_f1934-
_gJurij Borisovič
790 1 _9z01700
_aKaschlew
_bJ.
_gJuri
_4070
801 0 _aRU
_bINFOCOMM
_gPSBO
801 1 _aRU
_bNLR
_c20121204
852 _aNLR
_jИ25 Д-1/123
942 _cBOOK
980 _aNB